Представление документа в формате MARC21

Поле Инд. ПП Название Значение
Тип записи m
Библиографический уровень m
001 Контрольный номер 520241343c00488e8914a39e87f75e38
003 RU/IS/BASE/696947775
005 Дата корректировки 20260505131728.0
008 Кодируемые данные 240215 ru rus u
020 a ISBN 978-5-4222-0434-2
040 a Служба первич. каталог. Б-ка МАГУ
e Правила каталог. PSBO
041 0_ a Код языка текста рус/rus
084 a Индекс другой классификации/Индекс ББК 67.0я43
110 2_ a Организация/ юрисдикция Мурманский арктический государственный университет
203 a Вид содержания Текст
c Тип средства электронный
245 10 a Заглавие Теоретические и практические проблемы современного правопонимания
b Продолж. заглавия [материалы Всероссийской научно-практической конференции, 24-27 ноября 2020 г.]
c Ответственность Министерство науки и высшего образования Российской Федерации, Мурманский арктический государственный университет ; редколлегия: Н. Ю. Рашева (ответственный редактор), А. И. Виноградов
h Физич. носитель Электронный ресурс
256 a Характеристики компьютерного файла Электрон. текстовые дан. (файл : 2,1 Мб)
260 a Место издания Мурманск
b Издательство МАГУ
c Дата издания 2020
500 a Примечание URL: https://elib.mauniver.ru/2024/MASU/SB_136.pdf
500 a Примечание Доступ из локальной сети Мурманского арктического университета. - Загл. с экрана
504 a Библиография Библиогр. в конце ст. и в подстроч. примеч.
520 0_ a Аннотация В сборник статей вошли материалы Всероссийской научно-практической конференции "Теоретические и практические проблемы современного правопонимания", проведенной Мурманским арктическим государственным университетом. В сборник вошли труды ученых, занимающихся подготовкой студентов по направлению подготовки "Юриспруденция", их коллег из других вузов России, практических работников, а также обучающихся, имеющих интерес к проблемам современного правопонимания. Сборник предназначен для обучающихся и преподавателей высших учебных заведений. Издание адресовано студентам, магистрантам, аспирантам, преподавателям вузов, а также всем тем, кто интересуется проблемами права
650 04 a Основная рубрика Правоведение-Сборники
653 0_ a Ключевые слова Гражданское право
a Ключевые слова Конституционное право
a Ключевые слова Коррупция
a Ключевые слова Криминология
a Ключевые слова МАГУ
a Ключевые слова Материалы конференций
a Ключевые слова Методика преподавания иностранных языков
a Ключевые слова Мурманский арктический государственный университет
a Ключевые слова Право
a Ключевые слова Правоведение
a Ключевые слова Сборники научных статей
a Ключевые слова Терроризм
a Ключевые слова Уголовное дело
a Ключевые слова Философия права
a Ключевые слова Юриспруденция
a Ключевые слова Электронные версии
700 1_ a Другие авторы Рашева Н. Ю.
e Роль лиц отв. ред.
710 12 a Организация/ юрисдикция Мурманский арктический государственный университет
856 40 u URL https://elib.mauniver.ru/2024/MASU/SB_136.pdf
901 t Тип документа m